| 000 | 01501nam0a22003371 4500 | ||
|---|---|---|---|
| 001 | rc\4010173 | ||
| 005 | 20250611054351.0 | ||
| 021 |
_aRU _b[48-20441] |
||
| 035 | _a(NLR Aleph) 008079061 | ||
| 090 |
_a9111718 _c9111718 |
||
| 100 | _a20130415d1948 |||y0rusy50 ca | ||
| 101 | 0 | _arus | |
| 102 | _aRU | ||
| 105 | _aa z ||||| | ||
| 200 | 1 |
_aНепрерывное литье и литейные свойства сплавов _f[Предисл. акад. А.А. Бочвар и проф. д-ра С.М. Воронова, с. 3-4] |
|
| 210 |
_aМосква _cИзд-во и тип. Оборонгиза _d1948 |
||
| 215 |
_a155 с., 1 л. ил. _cил. _d23 |
||
| 300 | _aПеред загл. авт.: В.И. Добаткин, канд. техн. наук | ||
| 320 | _aБиблиогр.: с. 151-152 (47 назв.) | ||
| 606 |
_aЛитье непрерывное _2psbo |
||
| 606 |
_aАлюминиевые сплавы _xЛитейные свойства _2psbo |
||
| 606 |
_aЛегкие сплавы _xЛитье непрерывное _2psbo |
||
| 700 | 1 |
_aДобаткин _bВ.И. _f1915- _gВладимир Иванович |
|
| 702 | 1 |
_aБочвар _bА.А. _4080 |
|
| 702 | 1 |
_4080 _7ca _8rus _aВоронов _bС. М. _cд-р техн. наук, металлург _f1899-1953 _gСавватий Михайлович _92641424 _3RU\NLR\AUTH\770272977 |
|
| 801 | 0 |
_aRU _bNLR _gpsbo |
|
| 801 | 1 |
_aRU _bELAR _2rusmarc |
|
| 852 |
_aNLR _jТ36 Г-5/313 |
||
| 942 | _cBOOK | ||
| 980 | _aNB | ||